000 00613nam a2200217 a 4500
999 _c2680
_d2680
001 2680
003 BD-JhCC
005 20171105212439.0
008 171105s1977 bg |||| ||a| 00| 0 en d
035 _a(BD-JhCC)2680
040 _aBD-JhCC
_dBD-JhCC
041 _aben
082 _a891.443
_bBOR 1977
100 _aবড়ুয়া, সুব্রত
245 _aঅনধিকার /
_cসুব্রত বড়ুয়া
260 _aঢাকা :
_bমুক্তধারা,
_c1977.
300 _a88 p. :
_c20 cm.
650 _aBengali Short Stories
942 _2ddc
_cBK